Kumpulan puisi permata budi

Bibliographic Details
Main Author: Ahmad Sarju
Format: Book
Published: Kuala Lumpur : Dewan Bahasa dan Pustaka , 2007
Subjects:

MARC

LEADER 00000cam a2200000 7i4500
001 0000021382
005 20080717.0
008 080717
020 |a 9836296009 
090 0 0 |a 899.2313   |b AHM 
100 0 |a Ahmad Sarju 
245 1 0 |a Kumpulan puisi permata budi   |c Ahmad Sarju 
260 |a Kuala Lumpur :   |b Dewan Bahasa dan Pustaka ,   |c 2007 
650 0 |a Malay poetry 
999 |a 0001029363   |b Book   |c Adult Collection   |e Perbadanan Perpustakaan Awam Johor